The Ultimate 2 Fast 2 Furious Quiz 🎬 - Statistics

General Stats
  • This quiz has been taken 58 times
  • The average score is 7 of 15
Answer Stats
Hint Answer % Correct
Who tells Brian, 'Don't even think about taking' the convertible. It might loosen your mousse' in '2 Fast 2 Furious'? Roman
95%
Who is the drug lord's girlfriend in '2 Fast 2 Furious'? Monica
93%
What color is Suki's car in '2 Fast 2 Furious'? Pink
75%
What does Brian steal at the end of '2 Fast 2 Furious'? Money
70%
Who chases the yacht with Brian in '2 Fast 2 Furious'? Brian
65%
Who shoots the drug lord at the end of '2 Fast 2 Furious'? Brian
65%
In what year was '2 Fast 2 Furious' released? 2003
63%
Who plays Roman in '2 Fast 2 Furious'? Tyrese Gibson
60%
What city does the second film "2 Fast 2 Furious" take place in? Miami
48%
What were the names of Carter Verone's hitmen, Roberto and _______ ? Enrique
30%
Monica works for what agency in '2 Fast 2 Furious'? DEA
18%
What was the name of the detective who got bitten by a rat ? Detective Whitworth
10%
What movie also serves as Brian's street name in '2 Fast 2 Furious'? Bullitt
8%
What was the package that Brian and Roman found in the glovebox of the stolen car? Cider
0%
Who totals Sean's car at the start of '2 Fast 2 Furious'? Clay
0%
No matching quizzes found
Score Distribution
Percent of People with Each Score
Percentile by Number Answered
Your Score History
You have not taken this quiz